El programa de revisión fiscal en el proceso de due diligence (Registro nro. 15889)

Detalles MARC
000 -LEADER
fixed length control field 00341 a2200109 4500
001 - CONTROL NUMBER
control field ART_44737
005 - DATE AND TIME OF LATEST TRANSACTION
control field 20260410161709.0
008 - FIXED-LENGTH DATA ELEMENTS--GENERAL INFORMATION
fixed length control field 260409a
100 1# - MAIN ENTRY--PERSONAL NAME
Personal name Mastandrea, Alberto F.
245 10 - TITLE STATEMENT
Title El programa de revisión fiscal en el proceso de due diligence
773 0# - HOST ITEM ENTRY
Title Revista Impuestos
Related parts - Nº 10 (oct. 2017)
Record control number REV639

No hay ítems disponibles.